| 000 | 00596nam a2200229Ia 4500 | ||
|---|---|---|---|
| 005 | 20260429112116.0 | ||
| 008 | 260429s9999||||xx |||||||||||||| ||und|| | ||
| 020 | _a9781032392240 | ||
| 041 | _aEnglish | ||
| 082 |
_a624.151 _bHEN |
||
| 100 | _aHencher, Steve | ||
| 245 | 0 |
_aPractical engineering geology / _cSteve Hencher |
|
| 250 | _a2nd ed. | ||
| 260 |
_aBoca Raton : _bCRC Press, _c2024. |
||
| 300 | _axx, 546 p.; pbk | ||
| 440 | _aApplied geotechnics series | ||
| 650 | _a Engineering | ||
| 650 | _a Geotechnics | ||
| 650 | _aGeology | ||
| 700 | _aPowrie, William | ||
| 942 | _cTB | ||
| 999 |
_c52397 _d52397 |
||